| 000 | 00643nam a2200229 a 4500 | ||
|---|---|---|---|
| 008 | |||
| 020 | _a0333577159 (pbk.) | ||
| 049 | _aMAIN | ||
| 090 | 0 | 1 |
_aTA403 _bJOH |
| 100 | 1 | _aJohn, Vernon. | |
| 245 | 1 | 0 |
_aIntroduction to engineering materials / _cVernon. B. John. |
| 250 | _a3rd ed. | ||
| 260 |
_aHoundsmills, Basingstoke, Hants. : _bMacmillan, _c1992. |
||
| 300 |
_axvi, 519 p. : _bill. ; _c25 cm. |
||
| 500 | _aIncludes index. | ||
| 650 | 0 | _aMaterials. | |
| 907 |
_a.b10115705 _b30-04-08 _c26-03-04 |
||
| 003 | |||
| 005 | 20230123133647.0 | ||
| 040 | _cNUST | ||
| 942 |
_cBOOKS _kTA403 _mJOH |
||
| 999 |
_c152427 _d152427 |
||